| 000 | 00646nam a2200241 a 4500 | ||
|---|---|---|---|
| 001 | BRL_711 | ||
| 005 | 20190320210849.0 | ||
| 008 | 300913s1971----sp-#######---#000-1#spa-# | ||
| 041 | _aspa | ||
| 044 | _asp | ||
| 050 | 4 |
_aPG3488 _b.S65 1971 |
|
| 100 | 1 |
_aSolzhenitsyn, Aleksandr Isaevich _d1918-2008 _924709 |
|
| 245 | 1 | 0 |
_aEL primer circulo _cAlexander Solschenitzin. |
| 260 |
_aBarcelona _bBruguera _c1971 |
||
| 300 |
_a891 p. _c17 cm. |
||
| 440 | 0 |
_aLibro amigo _924710 |
|
| 500 | _aAu786 | ||
| 500 | _aPremio Nobel, 1970 | ||
| 650 | 1 | 4 |
_aNovela rusa _924711 |
| 650 | 1 | 4 |
_aNovela histórica _zRusia _924712 |
| 902 | _aGRL | ||
| 942 |
_2lcc _cB |
||
| 999 |
_c9523 _d9523 |
||